000 00547 a2200181 4500
999 _c5000
_d5000
010 _aENG-86610
020 _a8190396102
_c795.00
035 _aEN-70142
037 _bDBAD / PUB
082 1 4 _a001.42
100 _aKhanna, J.K.
245 1 _aHand book of research methodology /
_cby J.K. Khanna [and] S. Khurana
260 _aAgra
_bY.K. Publishers
_c2007
270 _aBlock-77, Sanjay Place,
_bAgra
_e282 002
_cU. P.
_k0562-2853506
300 _a384p
_c22cm (Hb)
700 _aKhurana, S.
942 _adpl
_cEN
_2ddc
_h001.42
_mKHA